ბათუმის შოთა რუსთაველის სახელმწიფო უნივერსიტეტის ბიბლიოთეკა

სასოფლო-სამეურნეო მანქანა-იარაღები ნ.2. : (ბიბ.ჩანაწერი № 38777)

000 -ლიდერი
ფიქსირებული სიგრძის საკონტროლო ველი 00997nam a2200217Ia 4500
001 - საკონტროლო ნომერი
საკონტროლო ველი 5126
003 - საკონტროლო ნომრის იდენტიფიკატორი
საკონტროლო ველი GE_BSU
005 - ბოლო ოპერაციის თარიღი და დრო
საკონტროლო ველი 20190506104622.0
008 - ფიქსირებული სიგრძის მონაცემთა ელემენტები - ზოგადი ინფორმაცია
ფიქსირებული სიგრძის საკონტროლო ველი 181216s1971||||ge |||||||||||||| ||geo||
040 ## - კატალოგიზაციის წყარო
Transcribing agency GE_BSU
041 ## - ენის კოდი
Language code of text/sound track or separate title geo
080 ## - უნივერსალური ათობითი კლასიფიკაციის ინდექსი
Universal Decimal Classification number 631.3 შ-99
100 ## - მთავარი ჩანაწერი - პიროვნების სახელი
Personal name შხვაცაბაია, გ.
9 (RLIN) 731
245 ## - ცნობა სათაურის შესახებ
Title სასოფლო-სამეურნეო მანქანა-იარაღები ნ.2. :
Remainder of title სახელმძღვ. /
Statement of responsibility, etc გ. შხვაცაბაია, შ. ოშორიძე ; რედ. ტ.ზოზრაშვილი.
264 ## - წარმოების, გამოცემის, დისტრიბუციის და სხვა ცნობები
გამოცემის, წარმოების, დისტრიბუციის... ადგილი თბილისი :
გამოცემის, წარმოების, დისტრიბუციის... სახელწოდება განათლება,
გამოცემის, წარმოების, დისტრიბუციის... თარიღი 1971.
300 ## - ფიზიკური აღწერა
Extent 379 გვ. :
Other physical details ილ. ;
Dimensions 27 სმ.
653 ## - INDEX TERM--UNCONTROLLED
Uncontrolled term სასოფლო-სამეურნეო მანქანა-იარაღები
700 ## - ADDED ENTRY--PERSONAL NAME
Personal name ოშორიძე, მ.
Relator term ავტორი
9 (RLIN) 732
700 ## - ADDED ENTRY--PERSONAL NAME
Personal name ზოზრაშვილი, ტ.
Relator term რედაქტორი
9 (RLIN) 686
942 ## - ADDED ENTRY ELEMENTS (KOHA)
Koha item type წიგნი
Source of classification or shelving scheme
ეგზემპლარები
ჩამოწერის სტატუსი დაკარგული ეგზემპლარის სტატუსი კლასიფიკაციის წყარო ან თაროზე გაწყობის სქემა დაზიანების სტატუსი არ გაიცემა მუდმივი მდებარეობა (დაცვის ადგილი) ამჟამინდელი ადგილსამყოფელი თაროზე განთავსების ადგილი შეძენის თარიღი ღირებულება, შესყიდვის ნორმალური ფასი სრული შენახვის შიფრი შტრიხკოდი ბოლო ოპერაციის თარიღი ეგზემპლარის მიმდევრობითი ნომერი (კეტერი?) ფასის ძალაში შესვლის თარიღი ეგზემპლარის სახეობა საჯარო შენიშვნა
          ტექნოლოგიური ფაკულტეტის ბიბლიოთეკა ტექნოლოგიური ფაკულტეტის ბიბლიოთეკა წიგნსაცავი 2018-12-17 1.80 631.3 შ-99 11711 2018-12-17 11711 2018-12-17 წიგნი 1.80 ლ.
          ტექნოლოგიური ფაკულტეტის ბიბლიოთეკა ტექნოლოგიური ფაკულტეტის ბიბლიოთეკა წიგნსაცავი 2018-12-17 1.80 631.3 შ-99 11712 2018-12-17 11712 2018-12-17 წიგნი 1.80 ლ.